The American Civil War Quiz - Statistics

General Stats
  • This quiz has been taken 551 times
    543 since last reset
  • The average score is 7 of 10
Answer Stats
Hint Answer % Correct
Who Was the president of the united states (USA)? Abraham Lincoln
99%
Who was the president of the confederate states (CSA)? Jefferson Davis
92%
What was the bloodiest battle of the civil war? Gettysburg
87%
Who became the "General-In-Chief of all the confederate armies", in Feb.1865? Robert E. Lee
81%
In what year did the battle of shiloh take place? 1862
78%
In what state is fort Sumter located? South Carolina
78%
Who was the vice president of the united states? Andrew Johnson
65%
Who commanded the unions western forces? General William T. Sherman
43%
What was stonewall Jackson's middle name? Jonathan
17%
What was the name of the captain, who was in command of Andersonville? Henry Wirz
12%
No matching quizzes found
Score Distribution
Percent of People with Each Score
Percentile by Number Answered
Your Score History
You have not taken this quiz since the last reset